Calcul mental express, x3 - Statistiques

Statistiques générales
  • Ce quiz a été pris 74 fois
  • Le résultat moyen est 7 sur 12
Statistiques - réponses
Operation Résultat % Correct
1x3 3
100%
Résultat x3 9
100%
Résultat x3 27
98%
Résultat x3 81
91%
Résultat x3 243
88%
Résultat x3 729
76%
Résultat x3 2187
59%
Résultat x3 6561
33%
Résultat x3 19683
17%
Résultat x3 59049
9%
Résultat x3 177147
6%
Résultat x3 531441
6%
Aucun quiz correspondant
Distribution des résultats
% des personnes avec chaque résultat
Percentile par nombre de réponses
Votre historique - résultats
Vous n’avez pas pris ce quiz